000 00492cam a2200205ua 4500
001 7545
008 160202n ii |||gr||||Z||||||eng
020 _a9789384303112
040 _cMAIN
041 _aeng
082 _a651.7
100 _aSengupta, A.,
_eAuthor.
245 _aBusiness Communication
_cBy Amlanjyoti Sengupta
250 _a1st.
260 _aDibrugarh:
_bKangan,
_c2014.
300 _a147p.
653 _aOffice services
653 _aBusiness communication
942 _cBK
999 _c6668
_d6668